00658cam a22002171 4500001001600000003000400016005001700020008004100037035002400078040000800102082001700110100005600127245002600183260004600209300002200255490005000277500002500327500002300352630002000375830004500395zfc2bg b1397289OSt20180908112151.0881102s1937 enk 000 0 eng  a(CaOTULAS)153523648 cDLC a226.2bR658G1 aRobinson, Theodore H.q(Theodore Henry),d1881-196414aThe Gospel of Matthew aLondon,bHodder & Stoughton,c1928 [1966] axx, 240 p.c23 cm1 aThe Moffatt New Testament commentary ;v[v.1] aFirst published 1928 a"Moffatt, J., ed."00aBible.pMatthew 0aMoffatt New Testament commentary ;vv. 1